El gentilhombre Iñigo López de Loyola
Gardado en:
| Autor Principal: | |
|---|---|
| Formato: | Libro |
| Idioma: | Lingua castelá |
| Publicado: |
Barcelona
Labor
1941
|
| Series: | Pro Ecclesia et Patria, 20
|
| Subjects: | |
| Tags: |
Engadir etiqueta
Sen Etiquetas, Sexa o primeiro en etiquetar este rexistro!
|
MARC
| LEADER | 00000nam a2200000 a 4500 | ||
|---|---|---|---|
| 001 | UCR1162 | ||
| 003 | CL-VaPUC | ||
| 008 | 971212e19410000SP |||||||||||||||||spa|d | ||
| 082 | 0 | 4 | |a 248.894 |b LET |2 21 |
| 100 | |a Leturia, Pedro de |e author |9 579878 | ||
| 245 | 1 | 3 | |a El gentilhombre Iñigo López de Loyola |
| 300 | |a 283 p | ||
| 942 | |c BK | ||
| 945 | |d 19971212 00:00:00 |a jquezada | ||
| 260 | |a Barcelona |b Labor |c 1941 | ||
| 600 | 0 | |a Ignacio de Loyola, Santo |d 1491-1556 |9 392145 | |
| 650 | 0 | |a Personas no religiosas |9 349308 | |
| 650 | 0 | |a Biografías |9 255210 | |
| 650 | 0 | |a Vida religiosa |9 257284 | |
| 650 | 0 | |a Cristianismo |9 257361 | |
| 650 | 0 | |a Fe |9 308036 | |
| 650 | 0 | |a Apostolado |9 398055 | |
| 583 | |a last modification |c 20150513 04:35:58 |k Rodrigo Vera | ||
| 490 | 0 | |a Pro Ecclesia et Patria, 20 | |
| 999 | |c 264644 |d 264642 | ||
| 952 | |0 0 |1 0 |4 0 |6 248_894000000000000_LET_1941 |7 0 |8 A |9 295016 |a BIBGIM |b BIBGIM |d 2019-11-19 |i 3367010 |o 248.894 LET 1941 |p 3367010 |r 2025-01-15 |w 2019-11-19 |y BK |k COM | ||